জ্যামিতি : (Record no. 10834)
[ view plain ]
| 000 -LEADER | |
|---|---|
| fixed length control field | 01000nam a2200265 4500 |
| 001 - CONTROL NUMBER | |
| JCCL Control Number | 10834 |
| 003 - CONTROL NUMBER IDENTIFIER | |
| JCCL marc code | BD-JhCC |
| 005 - DATE AND TIME OF LATEST TRANSACTION | |
| control field | 20230715092928.0 |
| 008 - FIXED-LENGTH DATA ELEMENTS--GENERAL INFORMATION | |
| fixed length control field | 190521b20182015bd ||||| |||| 00| 0 ben d |
| 020 ## - INTERNATIONAL STANDARD BOOK NUMBER | |
| International Standard Book Number | 9847009603181 |
| 035 ## - SYSTEM CONTROL NUMBER | |
| system control number | (BD-JhCC)10834 |
| 040 ## - CATALOGING SOURCE | |
| Original cataloging agency | BD-JhCC |
| Modifying agency | BD-JhCC |
| 041 ## - LANGUAGE CODE | |
| Language code of Book | ben |
| 082 ## - DEWEY DECIMAL CLASSIFICATION NUMBER | |
| Classification number | 510.76 |
| Author mark and Year | SOR 2018 |
| 100 ## - MAIN ENTRY--PERSONAL NAME | |
| Personal name | সরকার, দিপু |
| 245 ## - TITLE STATEMENT | |
| Title | জ্যামিতি : |
| Remainder of title | লক্ষ্য যখন অলিম্পিয়াড / |
| Statement of responsibility, etc | দিপু সরকার, দীপ্ত আকাশ রায় ও প্রীতম কুমার মন্ডল. |
| 260 ## - PUBLICATION, DISTRIBUTION, ETC. (IMPRINT) | |
| Place of publication, distribution, etc | ঢাকা, বাংলাদেশ, |
| Name of publisher, distributor, etc | তাম্রলিপি: |
| Date of publication, distribution, etc | 2018। |
| 300 ## - PHYSICAL DESCRIPTION | |
| Pagination | 207 p. |
| Other physical details | Included |
| Dimensions | 21 cm. |
| 650 ## - SUBJECT ADDED ENTRY--TOPICAL TERM | |
| Topical term or geographic name as entry element | Geometry |
| 650 ## - SUBJECT ADDED ENTRY--TOPICAL TERM | |
| Topical term or geographic name as entry element | International Mathematics Olympiad |
| 700 ## - ADDED ENTRY--PERSONAL NAME | |
| Personal name | রায়, দীপ্ত আকাশ |
| 700 ## - ADDED ENTRY--PERSONAL NAME | |
| Personal name | মন্ডল, প্রীতম কুমার |
| 942 ## - ADDED ENTRY ELEMENTS (KOHA) | |
| Source of classification or shelving scheme | Dewey Decimal Classification |
| Koha item type | Books |
| Koha issues (borrowed), all copies | 8 |
| Source of classification or shelving scheme | Damaged status | Not for loan | Home library | Current library | Shelving location | Date of accession | Cost, normal purchase price | Total Checkouts | Full call number | Barcode | Checked out | Date last seen | Date checked out | Copy number | Koha item type | Method of acquisition | Currency |
|---|---|---|---|---|---|---|---|---|---|---|---|---|---|---|---|---|---|
| Dewey Decimal Classification | JCC Rouf Library | JCC Rouf Library | General Stacks | 06/15/2019 | 335.00 | 8 | 510.76 SOR 2018 | 14810 | 02/24/2026 | 01/29/2026 | 01/29/2026 | C-1 | Books | ||||
| Dewey Decimal Classification | JCC Rouf Library | JCC Rouf Library | General Stacks | 06/06/2019 | 234.50 | 3 | 510.76 SOR 2018 | 15287 | 04/10/2025 | 01/18/2025 | C-2 | Books | |||||
| Dewey Decimal Classification | JCC Rouf Library | JCC Rouf Library | General Stacks | 06/24/2023 | 234.00 | 2 | 510.76 SOR 2018 | 18498 | 02/07/2026 | 01/17/2026 | C-3 | Books | Purchase | BDT |